00638nam a2200169 a 450000100100000000500170001000800410002704000250006811100990009324500150019226000640020730000200027171000460029104900090033795201050034699900170045100003191920200930063300.0110707s1972 dr 000 0 spa d aDO-SdBNPbspacBNPHU1 aforum nacional de antibióticos.d1972cSanto Domingon1: 31 de agosto al 2 septiembre95810210aResumenes. aSanto Domingo :bSociedad Dominicana de Pediatría,c1972. a51 p. ;c22 cm.2 aSociedad Dominicana de Pediatría936054 aBNPD 0010718PDaPDbPDcCTd2011-07-07iLF1l0o p31919-10r2020-06-25w2020-06-25yLFPDZNo se presta c31410d31410